|
|
|
|
| LEADER |
00000nss a2200000 a 4500 |
| 001 |
45561 |
| 005 |
20240219144234.0 |
| 008 |
000000| ||||||||r|||||||||||spa|| |
| 040 |
|
|
|b spa
|
| 041 |
1 |
|
|a spa
|
| 082 |
0 |
|
|a 373.5
|b C592r
|
| 110 |
2 |
|
|a Colegio Nacional Benigno Malo.
|9 16342
|
| 245 |
|
|
|a Revista del Colegio Nacional Benigno Malo
|c Colegio Nacional Benigno Malo
|h imp
|
| 264 |
|
|
|a Cuenca
|b Colegio Nacional Benigno Malo
|c 24 de mayo de 1927
|
| 300 |
|
|
|a 77 páginas:
|c 25.5 cm
|
| 362 |
|
|
|a no. 6; tomo 1 (24 de Mayo de 1927)
|
| 650 |
1 |
0 |
|a Malo benigno
|9 420
|
| 852 |
|
|
|a UC-CDJBV
|c ESTANTERIA CERRADA
|f Donación
|k mariana.feican
|l 1
|m General
|p 00000000
|q 1.00
|r 2
|t 45561
|b 0
|d CDRC
|e CDRC
|g 373.5 C592r ESTANTERIA CERRADA
|z 0000-00-00
|
| 942 |
|
|
|c SER
|
| 999 |
|
|
|c 143873
|d 143873
|